000 00636cab a2200193 4500
001 WB2627-45
008 090401t1990 xxu||||| |||| 00| 0 eng d
035 _a(Sirsi) u9680
041 _aeng
245 _aApproval for King`s Cross terminal
260 _c1990
350 _a0
490 _aFinancial Times
_v11/7/90 p22
520 _aPlans for a rail terminal to be built under the existing King`s Cross station have been cleared by a Commons committee but with criticism of British Rail `s tactics in promoting the bill.
650 _aPRIVATE BILL
690 _aTRANSPORT AND COMMUNICATIONS
942 _n0
948 _c04/03/1997
999 _c6077
_d6077